[Event "C.to Mondiale U10 femminile"]
[Site "Maribor SLO"]
[Date "2012.11.09"]
[Round "2"]
[White "Scarpa, Claudia"]
[Black "Serikbay, Assel"]
[WhiteElo "1431"]
[BlackElo "1679"]
[Result "1-0"]
[PlyCount "71"]
[EventDate "2012.11.08"]

1. e4 c5 2. Nc3 e6 3. g3 d5 4. d3 d4 5. Nce2 Nf6 6. Bg2 Be7 7. Nf3 O-O 8. O-O
Nc6 9. Re1 e5 10. c3 h6 11. Qc2 Be6 12. Bd2 Qd7 13. Rad1 Bh3 14. Nh4 Nh5 15.
Kh1 Bxh4 16. gxh4 Bxg2+ 17. Kxg2 Qg4+ 18. Kh1 Qxh4 19. Rg1 Nf6 20. Ng3 Ng4 21.
Rg2 Ne7 22. Rdg1 Ng6 23. Be1 Qd8 24. Nf5 Nf6 25. Bd2 Kh7 26. Qc1 Ng8 27. h4 h5
28. Bg5 Nf6 29. Bh6 Rg8 30. Bxg7 Nf4 31. Rg3 Ng4 32. Bxe5 Ne2 33. Qd2 Nxg3+ 34.
Rxg3 Rg6 35. Qf4 dxc3 36. bxc3 1-0

[Event "C.to Mondiale U10 femminile"]
[Site "Maribor SLO"]
[Date "2012.11.10"]
[Round "3"]
[White "Badzgaradze, Elena"]
[Black "Scarpa, Claudia"]
[WhiteElo "1639"]
[BlackElo "1431"]
[Result "1-0"]
[PlyCount "41"]
[EventDate "2012.11.08"]

1. e4 e5 2. Nf3 Nc6 3. Bb5 Nge7 4. O-O g6 5. d4 exd4 6. Nxd4 Bg7 7. Nxc6 Nxc6
8. c3 O-O 9. Nd2 d6 10. f4 Qe7 11. Qc2 Bd7 12. Bd3 Rae8 13. Nc4 Rd8 14. Ne3 Bc8
15. f5 Ne5 16. Nd5 Qd7 17. f6 Bh6 18. Ne7+ Kh8 19. Bxh6 Rg8 20. Nxg8 Rxg8 21.
Bg7+ 1-0

[Event "C.to Mondiale U10 femminile"]
[Site "Maribor SLO"]
[Date "2012.11.10"]
[Round "3"]
[White "Tejasvi, M."]
[Black "Saba, Gloria"]
[WhiteElo "1426"]
[BlackElo "1464"]
[Result "1-0"]
[PlyCount "55"]
[EventDate "2012.11.08"]

1. e4 d5 2. exd5 Qxd5 3. Nc3 Qa5 4. d4 c6 5. Nf3 Bf5 6. Bc4 e6 7. Bd2 Qc7 8.
Bb3 Nf6 9. Qe2 Bd6 10. O-O O-O 11. h3 Nbd7 12. Nh4 Bg6 13. Nxg6 hxg6 14. Rad1
Rfe8 15. Qd3 Rad8 16. Rfe1 e5 17. Ne4 Nxe4 18. Qxe4 Nf8 19. Qg4 exd4 20. Rxe8
Rxe8 21. Qxd4 c5 22. Qc4 a6 23. Ba5 Qxa5 24. Qxf7+ Kh7 25. Qxe8 Qc7 26. Qe4
Bh2+ 27. Kh1 Be5 28. Qh4# 1-0

[Event "C.to Mondiale U10 femminile"]
[Site "Maribor SLO"]
[Date "2012.11.11"]
[Round "4"]
[White "Scarpa, Claudia"]
[Black "Solozhenkina, Elizaveta"]
[WhiteElo "1431"]
[BlackElo "1748"]
[Result "1/2-1/2"]
[PlyCount "187"]
[EventDate "2012.11.08"]

1. e4 e5 2. Nf3 Nc6 3. d4 exd4 4. Nxd4 Nf6 5. Nc3 Bb4 6. Nxc6 bxc6 7. Bd3 O-O
8. O-O d5 9. exd5 cxd5 10. Bg5 c6 11. Qf3 Be7 12. Rfe1 h6 13. Bh4 Rb8 14. Rab1
Rb4 15. Bg3 Bg4 16. Qe3 d4 17. Qxe7 Qxe7 18. Rxe7 dxc3 19. Rxa7 Rxb2 20. Rxb2
cxb2 21. Rb7 Re8 22. f3 Be6 23. Rxb2 Ra8 24. Rb6 Nd5 25. Rxc6 Nb4 26. Rd6 Nxd3
27. Rxd3 Rxa2 28. Rd2 Kh7 29. Be1 Bf5 30. c3 Ra1 31. Kf1 Rc1 32. Rd4 Rc2 33.
Bd2 Kg6 34. Ke1 Kf6 35. Kd1 Bh7 36. c4 Ke5 37. Be3 Rxg2 38. h4 Rg6 39. c5 Rc6
40. Rg4 Bg6 41. Bd4+ Kd5 42. Bxg7 h5 43. Rg5+ Kc4 44. Bf8 Kd3 45. f4 Ra6 46.
Rg3+ Ke4 47. Bd6 Bf5 48. Kd2 Bg4 49. Re3+ Kd5 50. Kc2 Ra2+ 51. Kb3 Rh2 52. Re5+
Kc6 53. Be7 Rf2 54. Re4 Bf5 55. Rb4 Rf1 56. Rb6+ Kc7 57. Bd6+ Kd7 58. Kc4 Be6+
59. Kd4 Rd1+ 60. Ke5 Rd5+ 61. Ke4 Rd1 62. Be5 Re1+ 63. Kd3 Rd1+ 64. Kc2 Rd5 65.
c6+ Ke7 66. Rb7+ Ke8 67. c7 Rc5+ 68. Kd3 Kd7 69. Rb8 Rc6 70. Rh8 Bg4 71. Rf8
Be6 72. Ke4 Rc4+ 73. Kd3 Rc6 74. Rd8+ Ke7 75. Rh8 Bg4 76. Kd4 f6 77. Bxf6+ Rxf6
78. Rxh5 Rxf4+ 79. Kd5 Rf8 80. Re5+ Kd7 81. Rg5 Bf3+ 82. Kc5 Kxc7 83. Rg7+ Kd8
84. Rg5 Rh8 85. Kd6 Rh6+ 86. Kc5 Rxh4 87. Rg8+ Ke7 88. Rg5 Kf6 89. Rg1 Rh5+ 90.
Kd4 Rd5+ 91. Ke3 Bh5 92. Rf1+ Ke5 93. Rg1 Kd6 94. Kf4 1/2-1/2

[Event "C.to Mondiale U10 femminile"]
[Site "Maribor SLO"]
[Date "2012.11.12"]
[Round "5"]
[White "Du Toit, Stephanie"]
[Black "Scarpa, Claudia"]
[WhiteElo "1588"]
[BlackElo "1431"]
[Result "0-1"]
[PlyCount "102"]
[EventDate "2012.11.08"]

1. e4 e5 2. Nf3 Nc6 3. Nc3 Nf6 4. d4 exd4 5. Nxd4 Bc5 6. Be3 Bb6 7. Bc4 O-O 8.
O-O d6 9. h3 Re8 10. Re1 Be6 11. Nxe6 fxe6 12. Qf3 Ne5 13. Qe2 Bxe3 14. fxe3
Nfd7 15. Bb3 Nc5 16. Rf1 Qg5 17. Rf4 Rf8 18. Raf1 Ng6 19. R4f3 Qe5 20. Rf5 Qg3
21. R1f3 Qh4 22. Rh5 Qe7 23. Rg3 Rf6 24. Qg4 Ne5 25. Qh4 Ng6 26. Qg4 Raf8 27.
Rg5 R6f7 28. Ne2 Qf6 29. Nd4 Ne5 30. Qh4 h6 31. Nxe6 Nxe6 32. Bxe6 Qxe6 33. Rh5
Ng6 34. Qg4 Qxg4 35. Rxg4 Ne5 36. Rg3 Rf1+ 37. Kh2 R8f6 38. Rh4 R1f2 39. b3
Rxc2 40. Rf4 Rg6 41. Rxg6 Nxg6 42. Rf5 Rxa2 43. Rb5 b6 44. Kg3 Ne5 45. Rb4 Re2
46. Rb5 Rxe3+ 47. Kf4 Rd3 48. Rb4 a5 49. Rb5 Rd4 50. Ke3 Rd3+ 51. Kf4 Kf7 0-1

[Event "C.to Mondiale U10 femminile"]
[Site "Maribor SLO"]
[Date "2012.11.12"]
[Round "5"]
[White "Zhu, Jiner"]
[Black "Palma, Maria"]
[WhiteElo "1827"]
[BlackElo "1617"]
[Result "1-0"]
[PlyCount "47"]
[EventDate "2012.11.08"]

1. e4 e5 2. Nf3 Nc6 3. Bb5 Bc5 4. O-O Qf6 5. Nc3 Nge7 6. d3 h6 7. Qe2 O-O 8. a4
a6 9. Bc4 Nd4 10. Nxd4 Bxd4 11. Be3 Ba7 12. Bxa7 Rxa7 13. Qe3 Ra8 14. f4 Nc6
15. Nd5 Qd6 16. f5 Nd4 17. f6 g5 18. Kf2 Ne6 19. Qh3 Kh7 20. Qf5+ Kh8 21. Ne7
Nf4 22. g3 Ne6 23. Qh3 Kh7 24. Nf5 1-0

[Event "C.to Mondiale U10 femminile"]
[Site "Maribor SLO"]
[Date "2012.11.12"]
[Round "6"]
[White "Palma, Maria"]
[Black "Hrysogelou, Athanasia-Panagiota"]
[WhiteElo "1617"]
[BlackElo "1340"]
[Result "1-0"]
[PlyCount "75"]
[EventDate "2012.11.08"]

1. e4 e5 2. Nf3 Nc6 3. Bb5 a6 4. Bxc6 dxc6 5. O-O Bg4 6. h3 h5 7. d3 Qf6 8.
Nbd2 Ne7 9. Nc4 Bxf3 10. Qxf3 Qxf3 11. gxf3 f6 12. f4 Ng6 13. fxe5 Nxe5 14.
Nxe5 fxe5 15. Kh1 O-O-O 16. Rg1 Rd7 17. Rg5 Bd6 18. Bd2 Rf7 19. Rf1 h4 20. Bc3
Rhf8 21. Kg2 Bc5 22. f3 Bd4 23. Bxd4 exd4 24. Rg4 Rh8 25. Kf2 Kd7 26. Ke2 Kd6
27. f4 Kc5 28. f5 Kd6 29. Rfg1 Rh7 30. Rf1 Ke5 31. Rff4 c5 32. Rxh4 Rxh4 33.
Rxh4 Rf6 34. Kf3 c6 35. Rg4 Rf7 36. Rg6 Re7 37. h4 Rd7 38. Re6# 1-0

[Event "C.to Mondiale U10 femminile"]
[Site "Maribor SLO"]
[Date "2012.11.12"]
[Round "6"]
[White "Scarpa, Claudia"]
[Black "Sibajeva, Marija"]
[WhiteElo "1431"]
[BlackElo "1661"]
[Result "1/2-1/2"]
[PlyCount "94"]
[EventDate "2012.11.08"]

1. e4 d6 2. d4 Nf6 3. Nc3 e5 4. dxe5 dxe5 5. Qxd8+ Kxd8 6. Nf3 Bd6 7. Bc4 Be6
8. Bxe6 fxe6 9. O-O Nc6 10. Be3 h6 11. Rfd1 Ke7 12. Rd3 Ng4 13. Rad1 Nxe3 14.
Rxe3 Bc5 15. Red3 Rhd8 16. Nb5 Bb6 17. Na3 Rxd3 18. Rxd3 Rd8 19. Rxd8 Kxd8 20.
Nc4 Nb4 21. Nfxe5 Nxc2 22. Nxb6 axb6 23. Kf1 Nb4 24. a3 Nc6 25. Nxc6+ bxc6 26.
Ke2 c5 27. f4 Ke7 28. Kd3 b5 29. b3 Kd6 30. g4 g6 31. a4 c4+ 32. Kc3 cxb3 33.
axb5 Kc5 34. Kxb3 Kxb5 35. Kc3 Kc5 36. h3 c6 37. h4 h5 38. gxh5 gxh5 39. Kd3
Kb4 40. Kd4 c5+ 41. Ke5 c4 42. f5 exf5 43. exf5 c3 44. f6 c2 45. f7 c1=Q 46.
f8=Q+ Qc5+ 47. Qxc5+ Kxc5 1/2-1/2

[Event "C.to Mondiale U10 femminile"]
[Site "Maribor SLO"]
[Date "2012.11.14"]
[Round "7"]
[White "Heydarova, Aytaj"]
[Black "Scarpa, Claudia"]
[WhiteElo "1628"]
[BlackElo "1431"]
[Result "1-0"]
[PlyCount "31"]
[EventDate "2012.11.08"]

1. e4 e5 2. Nf3 Nc6 3. d4 exd4 4. Bc4 Nf6 5. e5 d5 6. Bb5 Nd7 7. O-O Bc5 8.
Bxc6 bxc6 9. Nxd4 Bb7 10. e6 Nf6 11. Be3 Bb6 12. Nf5 O-O 13. e7 Qe8 14. exf8=Q+
Kxf8 15. Bxb6 axb6 16. Nc3 1-0

[Event "C.to Mondiale U10 femminile"]
[Site "Maribor SLO"]
[Date "2012.11.15"]
[Round "8"]
[White "Palma, Maria"]
[Black "Hilario, Aleyla"]
[WhiteElo "1617"]
[BlackElo "1545"]
[Result "1-0"]
[PlyCount "117"]
[EventDate "2012.11.08"]

1. e4 e6 2. d4 d5 3. Nc3 dxe4 4. Nxe4 Bd7 5. Nf3 Bc6 6. Bd3 Be7 7. O-O Nd7 8.
c4 Ngf6 9. Ng3 O-O 10. b3 Qc8 11. Bb2 Bxf3 12. Qxf3 c5 13. Ne4 cxd4 14. Bxd4 b6
15. Rac1 Rb8 16. Rfd1 Nxe4 17. Bxe4 Bf6 18. Qe3 Rd8 19. Bxf6 Nxf6 20. Rxd8+
Qxd8 21. Bf3 Qe7 22. c5 bxc5 23. Qxc5 Re8 24. Qxe7 Rxe7 25. Rc8+ Ne8 26. Bc6
Kf8 27. Kf1 f6 28. Ke2 Kf7 29. Bxe8+ Rxe8 30. Rxe8 Kxe8 31. Kd3 Kd7 32. Kd4 g6
33. Kc4 Kc7 34. b4 e5 35. a4 f5 36. f3 g5 37. Kd5 f4 38. Kxe5 Kc6 39. Kf5 Kd5
40. Kxg5 Kc4 41. Kxf4 Kxb4 42. Kg5 Kxa4 43. f4 a5 44. f5 Kb3 45. f6 a4 46. f7
a3 47. f8=Q a2 48. Qf7+ Kb2 49. Qxa2+ Kxa2 50. Kh6 Kb3 51. Kxh7 Kc4 52. g4 Kd5
53. g5 Ke5 54. g6 Kf5 55. g7 Kg4 56. g8=Q+ Kf4 57. Kh6 Ke5 58. Qf7 Kd6 59. Qf5
1-0

[Event "C.to Mondiale U10 femminile"]
[Site "Maribor SLO"]
[Date "2012.11.15"]
[Round "8"]
[White "Scarpa, Claudia"]
[Black "Lengyel, Andrea"]
[WhiteElo "1431"]
[BlackElo "1722"]
[Result "0-1"]
[PlyCount "112"]
[EventDate "2012.11.08"]

1. e4 c5 2. Nc3 Nc6 3. g3 Nf6 4. Bg2 e5 5. Nf3 d6 6. O-O Be7 7. Ne2 O-O 8. c3
Bg4 9. d4 cxd4 10. cxd4 exd4 11. Nexd4 Rc8 12. Re1 Re8 13. Bf4 Bf8 14. Qd3 Ne5
15. Qe3 Nc4 16. Qb3 Qd7 17. Nb5 a6 18. Nbd4 Nxe4 19. Nh4 g5 20. Bxe4 gxf4 21.
Bxb7 Rxe1+ 22. Rxe1 Rc7 23. Bxa6 Ne5 24. Qb5 Qd8 25. Ndf5 Bxf5 26. Nxf5 Nf3+
27. Kf1 Nxe1 28. Kxe1 Rc1+ 29. Ke2 Rc5 30. Qd3 Qe8+ 31. Kf3 fxg3 32. hxg3 Qe6
33. Nd4 Qf6+ 34. Kg2 Rd5 35. Qf3 Qxd4 36. Bb7 Rg5 37. Be4 Qxb2 38. Bd5 Rg7 39.
Qf4 Qe5 40. Qf3 Be7 41. a4 Bd8 42. Bb3 Qf6 43. Qa8 Kh8 44. a5 Rg8 45. Qd5 Qe6
46. Qb7 Qe7 47. Qb4 d5 48. Qd4+ Qf6 49. Qxd5 Rg5 50. Qe4 Bxa5 51. Bc2 Qg6 52.
Qd4+ Qg7 53. Qe4 Re5 54. Qb7 Qf6 55. Qc8+ Bd8 56. Qh3 Qc6+ 0-1

[Event "C.to Mondiale U10 femminile"]
[Site "Maribor SLO"]
[Date "2012.11.17"]
[Round "10"]
[White "Palma, Maria"]
[Black "Lakshmi, C."]
[WhiteElo "1617"]
[BlackElo "1547"]
[Result "1/2-1/2"]
[PlyCount "120"]
[EventDate "2012.11.08"]

1. e4 c5 2. Nf3 Nc6 3. Nc3 e5 4. Bc4 Be7 5. d3 Nf6 6. Nd2 d6 7. Nf1 Be6 8. Ne3
Nd4 9. O-O O-O 10. a4 a5 11. Ncd5 Nxd5 12. Nxd5 Kh8 13. c3 Nc6 14. f4 exf4 15.
Bxf4 Ne5 16. Bxe5 dxe5 17. Qb3 Rb8 18. Nxe7 Bxc4 19. Qxc4 Qxe7 20. Rf3 b6 21.
Raf1 f6 22. Rb1 Rfd8 23. Kf2 Rd6 24. Kg1 Rbd8 25. Rd1 Qe8 26. Kh1 Qd7 27. Kg1
Qe6 28. Qxe6 Rxe6 29. Rf2 Red6 30. Rfd2 Kg8 31. Kf2 Kf7 32. Ke3 Ke6 33. d4
cxd4+ 34. cxd4 exd4+ 35. Rxd4 Rxd4 36. Rxd4 Rxd4 37. Kxd4 Kd6 38. g3 h5 39. h3
g6 40. g4 hxg4 41. hxg4 g5 42. b3 Ke6 43. Kc4 Ke5 44. Kb5 Kf4 45. Kxb6 Kxg4 46.
Kxa5 Kf4 47. b4 g4 48. b5 g3 49. b6 g2 50. b7 g1=Q 51. b8=Q+ Kxe4 52. Qb7+ Ke5
53. Qb5+ Ke6 54. Qb6+ Qxb6+ 55. Kxb6 f5 56. a5 f4 57. a6 f3 58. a7 f2 59. a8=Q
f1=Q 60. Qe8+ Kd6 1/2-1/2

[Event "C.to Mondiale U10 femminile"]
[Site "Maribor SLO"]
[Date "2012.11.18"]
[Round "11"]
[White "Tejasvi, M."]
[Black "Palma, Maria"]
[WhiteElo "1426"]
[BlackElo "1617"]
[Result "1/2-1/2"]
[PlyCount "98"]
[EventDate "2012.11.08"]

1. e4 e5 2. Nf3 Nc6 3. Bc4 Bc5 4. c3 Nf6 5. d3 a6 6. Bb3 Ba7 7. O-O d6 8. Nbd2
O-O 9. Re1 Bg4 10. Nf1 Nh5 11. h3 Be6 12. Ng5 Qf6 13. d4 Nf4 14. Bxf4 exf4 15.
Qh5 h6 16. Nxe6 fxe6 17. Qg4 Rae8 18. Nd2 Kh7 19. Nf3 Qg6 20. Qh4 e5 21. Rad1
Qf6 22. Qxf6 Rxf6 23. dxe5 Nxe5 24. Nxe5 Rxe5 25. Rd5 Rxd5 26. exd5 Rf8 27. Re7
Bb6 28. Kf1 Kg8 29. Ke2 Rf7 30. Re4 Kf8 31. Kf3 Bc5 32. Bc4 Bb6 33. b4 Rf6 34.
a4 a5 35. Bb3 Rf7 36. Rxf4 Rxf4+ 37. Kxf4 Bxf2 38. bxa5 Be1 39. Bc4 Bxc3 40. a6
bxa6 41. Bxa6 Kf7 42. Bc8 Ke7 43. Kf5 Kd8 44. Bb7 Kd7 45. Bc6+ Ke7 46. Kg6 Kd8
47. h4 Ke7 48. h5 Kf8 49. g4 Kg8 1/2-1/2

[Event "C.to Mondiale U12 femminile"]
[Site "Maribor SLO"]
[Date "2012.11.09"]
[Round "2"]
[White "Japic, Sabina"]
[Black "Scarpa, Silvia"]
[WhiteElo "1283"]
[BlackElo "1727"]
[Result "0-1"]
[PlyCount "76"]
[EventDate "2012.11.08"]

1. e4 c5 2. Nf3 d6 3. d4 cxd4 4. Nxd4 Nf6 5. Nc3 a6 6. f3 e5 7. Nb3 Be7 8. Be3
Be6 9. Bd3 Nc6 10. Qe2 Nb4 11. g4 d5 12. exd5 Nbxd5 13. Nxd5 Nxd5 14. O-O-O O-O
15. Kb1 Qc7 16. Bd2 Rfc8 17. h4 a5 18. h5 a4 19. Qe4 Nf6 20. Qe3 axb3 21. cxb3
Bd5 22. g5 Bc5 23. Qe2 Ne8 24. g6 h6 25. gxf7+ Bxf7 26. Qe4 Nf6 27. Qf5 Qd7 28.
Qxd7 Nxd7 29. Bf5 Rd8 30. f4 exf4 31. Bxf4 Nf6 32. Rc1 Bb6 33. Rhe1 Nxh5 34.
Be5 Re8 35. Bd7 Re7 36. Bb5 Bg6+ 37. Ka1 Bf7 38. Rcd1 Bxb3 0-1

[Event "C.to Mondiale U12 femminile"]
[Site "Maribor SLO"]
[Date "2012.11.10"]
[Round "3"]
[White "Scarpa, Silvia"]
[Black "Balimezova, Margarita"]
[WhiteElo "1727"]
[BlackElo "1565"]
[Result "0-1"]
[PlyCount "146"]
[EventDate "2012.11.08"]

1. e4 c5 2. Nc3 Nc6 3. d3 d6 4. g3 g6 5. Bg2 Bg7 6. Nge2 e6 7. Be3 Rb8 8. Qd2
b5 9. O-O b4 10. Nd1 Qb6 11. Kh1 Bd7 12. h3 Nd4 13. g4 h5 14. g5 Nxe2 15. Qxe2
Ne7 16. Bd2 O-O 17. c3 Rbc8 18. Ne3 d5 19. h4 bxc3 20. Bxc3 d4 21. Nc4 Qb8 22.
Be1 Bb5 23. b3 Bxc4 24. bxc4 Be5 25. Bd2 Bf4 26. Rab1 Qc7 27. f3 Rb8 28. Bxf4
Qxf4 29. Qf2 Nc6 30. Rbd1 Ne5 31. Bh3 Rb4 32. Kg2 Rfb8 33. Qg3 Rb2+ 34. Rf2
Qxg3+ 35. Kxg3 Rxf2 36. Kxf2 Rb2+ 37. Kg3 Rxa2 38. f4 Nc6 39. f5 exf5 40. exf5
gxf5 41. Bxf5 Kg7 42. Be4 Ne5 43. Kf4 Ng6+ 44. Kg3 Ra3 45. Kf2 Nxh4 46. Rh1 Ng6
47. Rxh5 Nf4 48. Rh7+ Kf8 49. Kf1 Nxd3 50. Bd5 Ra1+ 51. Ke2 Nf4+ 52. Kd2 Ra2+
53. Kc1 Nxd5 54. cxd5 Ke8 55. Rh8+ Kd7 56. Rh7 Kd6 57. Rxf7 Kxd5 58. g6 Rg2 59.
g7 a5 60. Ra7 a4 61. Kd1 a3 62. Rxa3 Rxg7 63. Ra4 Rg2 64. Ra8 c4 65. Ra5+ Ke4
66. Rh5 c3 67. Rh3 c2+ 68. Kc1 d3 69. Rh4+ Ke3 70. Rh3+ Ke2 71. Rh1 Rf2 72. Kb2
Rf1 73. Rh2+ Kd1 0-1

[Event "C.to Mondiale U12 femminile"]
[Site "Maribor SLO"]
[Date "2012.11.12"]
[Round "5"]
[White "Scarpa, Silvia"]
[Black "Milton, Anna"]
[WhiteElo "1727"]
[BlackElo "1521"]
[Result "1-0"]
[PlyCount "129"]
[EventDate "2012.11.08"]

1. e4 c5 2. Nc3 e6 3. g3 Nc6 4. Bg2 d6 5. d3 Nf6 6. Be3 Be7 7. f4 O-O 8. Nf3 a6
9. O-O Qc7 10. h3 Rd8 11. Bf2 b5 12. g4 d5 13. e5 Ne8 14. g5 Qd7 15. h4 Nc7 16.
h5 d4 17. Ne4 Nd5 18. Qd2 Qe8 19. Nh2 Rb8 20. Ng4 Bb7 21. Bh4 Bc8 22. Qf2 Kh8
23. Qg3 Na5 24. Qe1 Nc6 25. Rf3 Bd7 26. Qf2 Rdc8 27. b3 a5 28. Rh3 Ra8 29. Qg3
a4 30. g6 h6 31. Bxe7 Ncxe7 32. gxf7 Qxf7 33. Nd6 Qf8 34. Nxc8 Rxc8 35. Rf1 Nf5
36. Qf2 axb3 37. axb3 Nde3 38. Nxe3 Nxe3 39. Ra1 Ng4 40. Qg3 Ne3 41. Ra7 Bc6
42. Bxc6 Rxc6 43. Qf3 Rc8 44. Rg3 Nf5 45. Rh3 Ne3 46. Qb7 Rb8 47. Qd7 Qg8 48.
Rg3 Nf5 49. Rg6 Rc8 50. Qxb5 Kh7 51. Qd7 Kh8 52. Qxe6 Qxe6 53. Rxe6 Kg8 54. Rb6
Ng3 55. Kf2 Nxh5 56. Rbb7 Rf8 57. Rc7 Rxf4+ 58. Ke2 Ng3+ 59. Kd2 Nh5 60. Rxc5
Rf2+ 61. Kc1 Rf5 62. Rc8+ Kh7 63. e6 Re5 64. e7 Nf6 65. Rd8 1-0

[Event "C.to Mondiale U12 femminile"]
[Site "Maribor SLO"]
[Date "2012.11.12"]
[Round "6"]
[White "Arda, Cagil Irmak"]
[Black "Scarpa, Silvia"]
[WhiteElo "1637"]
[BlackElo "1727"]
[Result "1-0"]
[PlyCount "75"]
[EventDate "2012.11.08"]

1. e4 c5 2. Nf3 d6 3. Bb5+ Nc6 4. O-O Bd7 5. c3 e6 6. d4 cxd4 7. cxd4 Nf6 8.
Nc3 Be7 9. Re1 O-O 10. Bg5 a6 11. Bf1 b5 12. d5 Na7 13. e5 Nxd5 14. Bxe7 Nxe7
15. Qxd6 Bc6 16. Nd4 Bb7 17. Rad1 Qxd6 18. exd6 Nec8 19. d7 Nb6 20. Nb3 Bc6 21.
Nc5 b4 22. Ne2 a5 23. Nd4 Bd5 24. Nb5 Nxb5 25. Bxb5 Ra7 26. Bc6 Rc7 27. Bxd5
Nxd5 28. Rxd5 exd5 29. Re8 Rxd7 30. Rxf8+ Kxf8 31. Nxd7+ Ke7 32. Ne5 Kd6 33.
Nd3 Kc6 34. Kf1 Kb5 35. b3 a4 36. Ke2 axb3 37. axb3 Kc6 38. Ke3 1-0

[Event "C.to Mondiale U12 femminile"]
[Site "Maribor SLO"]
[Date "2012.11.14"]
[Round "7"]
[White "Scarpa, Silvia"]
[Black "Lomandong, Noela-Joyce"]
[WhiteElo "1727"]
[BlackElo "1542"]
[Result "1/2-1/2"]
[PlyCount "46"]
[EventDate "2012.11.08"]

1. e4 e5 2. Nf3 Nc6 3. d4 exd4 4. Nxd4 Nf6 5. Nc3 Bb4 6. Nxc6 bxc6 7. Bd3 O-O
8. O-O Bxc3 9. bxc3 d5 10. exd5 cxd5 11. Bg5 Qd6 12. Bxf6 Qxf6 13. Qh5 g6 14.
Qxd5 Rb8 15. Qd4 Qxd4 16. cxd4 Rd8 17. c3 c5 18. Rfe1 Be6 19. Re4 Bf5 20. Re3
cxd4 21. cxd4 Be6 22. d5 Bxd5 23. Re7 Bxa2 1/2-1/2

[Event "C.to Mondiale U12 femminile"]
[Site "Maribor SLO"]
[Date "2012.11.16"]
[Round "9"]
[White "Scarpa, Silvia"]
[Black "Zimmerman, Adi"]
[WhiteElo "1727"]
[BlackElo "1432"]
[Result "1-0"]
[PlyCount "83"]
[EventDate "2012.11.08"]

1. e4 c5 2. Nc3 Nc6 3. d3 g6 4. Be3 d6 5. g3 Bg7 6. Bg2 e6 7. Qd2 Rb8 8. Nge2
Nd4 9. Nd1 b5 10. c3 Nxe2 11. Qxe2 Bd7 12. O-O Qb6 13. Qd2 b4 14. d4 Qa5 15.
Kh1 Ba4 16. Rc1 Ne7 17. dxc5 dxc5 18. Qd6 Rc8 19. cxb4 cxb4 20. Bc5 Qd8 21. Qa6
Qd7 22. Qa5 b3 23. Nc3 Bxc3 24. Qxc3 O-O 25. Qe3 Rxc5 26. Rxc5 bxa2 27. Rcc1 a5
28. Qc3 Qb5 29. Qa3 Nc6 30. Rc5 Qb4 31. Rc3 Nd4 32. Qxa2 Bb3 33. Qa3 Qxa3 34.
bxa3 a4 35. Rb1 Nc2 36. Bf1 Nxa3 37. Re1 Nc2 38. Re2 Nd4 39. Rd2 a3 40. Rxd4 a2
41. Rc1 Ra8 42. Ra1 1-0

[Event "C.to Mondiale U12 femminile"]
[Site "Maribor SLO"]
[Date "2012.11.17"]
[Round "10"]
[White "Erseki, Tamara"]
[Black "Scarpa, Silvia"]
[WhiteElo "1624"]
[BlackElo "1727"]
[Result "0-1"]
[PlyCount "62"]
[EventDate "2012.11.08"]

1. e4 c5 2. Nf3 d6 3. d4 cxd4 4. Nxd4 Nf6 5. Nc3 a6 6. Bc4 e6 7. Bb3 Nbd7 8.
Be3 Nc5 9. f3 Be7 10. Qd2 O-O 11. g4 Nfd7 12. O-O-O Qc7 13. h4 b5 14. h5 Nb6
15. g5 b4 16. Nb1 a5 17. Nb5 Qc6 18. Nd4 Qe8 19. a3 Ba6 20. Qg2 Rc8 21. Nd2 a4
22. axb4 Nxb3+ 23. N4xb3 axb3 24. Nxb3 Nc4 25. Bf2 Qa4 26. Kb1 Ra8 27. g6 Bb5
28. gxh7+ Kh8 29. Na5 Nxa5 30. Rhg1 Bf6 31. e5 Qa1+ 0-1

[Event "C.to Mondiale U12 femminile"]
[Site "Maribor SLO"]
[Date "2012.11.18"]
[Round "11"]
[White "Scarpa, Silvia"]
[Black "Gankhuyag, Uchral"]
[WhiteElo "1727"]
[BlackElo "1635"]
[Result "0-1"]
[PlyCount "62"]
[EventDate "2012.11.08"]

1. e4 c5 2. Nc3 g6 3. d3 d6 4. g3 Bg7 5. Bg2 Nc6 6. Be3 Nf6 7. h3 Qb6 8. Qc1 e6
9. Nge2 O-O 10. O-O a6 11. Rb1 Qc7 12. Bh6 Rd8 13. Bxg7 Kxg7 14. Nf4 Nd4 15.
Qd1 Rb8 16. g4 d5 17. Qd2 dxe4 18. g5 Nd5 19. Nfxd5 exd5 20. dxe4 dxe4 21. Qc1
Bxh3 22. Re1 Bxg2 23. Kxg2 Re8 24. Nxe4 Qc6 25. f3 Nf5 26. Qf4 Rbd8 27. Rh1 Rd4
28. Rbe1 Qd5 29. Nf6 Rd2+ 30. Kf1 Ng3+ 31. Qxg3 Rxe1+ 0-1

[Event "C.to Mondiale U14"]
[Site "Maribor SLO"]
[Date "2012.11.08"]
[Round "1"]
[White "Gamage, Chathulanka"]
[Black "Zamengo, Fulvio"]
[WhiteElo "1663"]
[BlackElo "2072"]
[Result "0-1"]
[PlyCount "60"]
[EventDate "2012.11.08"]

1. d4 Nf6 2. c4 c5 3. d5 b5 4. cxb5 a6 5. bxa6 g6 6. Nc3 Bxa6 7. Nf3 d6 8. g3
Bg7 9. Bg2 Nfd7 10. O-O O-O 11. Re1 Nb6 12. e4 Nc4 13. Qc2 Nd7 14. b3 Qa5 15.
e5 Ncxe5 16. Nxe5 Nxe5 17. Bd2 Rfe8 18. h4 Qc7 19. h5 c4 20. b4 Nd3 21. Reb1
Bb7 22. a4 e6 23. Ra3 Rac8 24. h6 Bd4 25. Be3 Bxe3 26. fxe3 exd5 27. Bxd5 Rxe3
28. Ne4 Rxe4 29. Bxe4 Bxe4 30. Rf1 d5 0-1

[Event "C.to Mondiale U14"]
[Site "Maribor SLO"]
[Date "2012.11.09"]
[Round "2"]
[White "Zamengo, Fulvio"]
[Black "Minko, Vladimir"]
[WhiteElo "2072"]
[BlackElo "2307"]
[Result "1/2-1/2"]
[PlyCount "103"]
[EventDate "2012.11.08"]

1. e4 c5 2. Nf3 Nc6 3. d4 cxd4 4. Nxd4 Nf6 5. Nc3 e5 6. Ndb5 d6 7. Bg5 a6 8.
Na3 b5 9. Nd5 Be7 10. Bxf6 Bxf6 11. c3 Rb8 12. Nc2 Bg5 13. Nce3 O-O 14. h4 Bh6
15. g3 Ne7 16. Bg2 Bxe3 17. Nxe3 Be6 18. O-O Qb6 19. Qe2 Qc5 20. Rfd1 a5 21.
Qd2 Rfd8 22. Rac1 a4 23. Nd5 Nxd5 24. exd5 Bg4 25. Re1 f5 26. Qd3 Rf8 27. c4 b4
28. Qe3 Rbc8 29. b3 Rf7 30. Rc2 f4 31. Qxc5 Rxc5 32. Be4 fxg3 33. fxg3 Bf3 34.
Rf2 Bxe4 35. Rxf7 Kxf7 36. Rxe4 Kf6 37. Kf2 axb3 38. axb3 Ra5 39. g4 h5 40. Kf3
Ra1 41. gxh5 Rf1+ 42. Kg2 Rb1 43. Re3 Rb2+ 44. Kg1 Kf5 45. Rg3 Kf4 46. Rxg7
Rxb3 47. h6 Rh3 48. Rg6 Rxh4 49. Rxd6 Ke3 50. Rf6 b3 51. d6 b2 52. d7 1/2-1/2

[Event "C.to Mondiale U14"]
[Site "Maribor SLO"]
[Date "2012.11.10"]
[Round "3"]
[White "Zamengo, Fulvio"]
[Black "Paravyan, David"]
[WhiteElo "2072"]
[BlackElo "2285"]
[Result "0-1"]
[PlyCount "52"]
[EventDate "2012.11.08"]

1. e4 d6 2. d4 Nf6 3. Nc3 g6 4. f4 Bg7 5. Nf3 O-O 6. Bd3 Na6 7. O-O c5 8. d5
Rb8 9. a4 Nb4 10. Bc4 Bg4 11. Qe2 Nd7 12. h3 Bxf3 13. Rxf3 Nb6 14. Na2 Nxc4 15.
Qxc4 Qb6 16. c3 Nc2 17. a5 Qxa5 18. Rb1 b5 19. Qe2 Nd4 20. cxd4 Qxa2 21. Qc2
Bxd4+ 22. Kh1 b4 23. Be3 Bxe3 24. Rxe3 c4 25. h4 c3 26. Ree1 Rfc8 0-1

[Event "C.to Mondiale U14"]
[Site "Maribor SLO"]
[Date "2012.11.11"]
[Round "4"]
[White "Suta, Andraz"]
[Black "Zamengo, Fulvio"]
[WhiteElo "1763"]
[BlackElo "2072"]
[Result "0-1"]
[PlyCount "94"]
[EventDate "2012.11.08"]

1. e4 e6 2. d4 d5 3. e5 c5 4. c3 Nc6 5. Nf3 Qb6 6. a3 Nh6 7. b4 cxd4 8. cxd4
Nf5 9. Bb2 Bd7 10. Nc3 Ncxd4 11. Nxd4 Qxd4 12. Qxd4 Nxd4 13. Nxd5 Nc2+ 14. Kd2
exd5 15. Kxc2 Be7 16. Bd3 O-O 17. f4 a5 18. b5 Bc5 19. Kd2 a4 20. Ke2 f6 21.
Kf3 fxe5 22. Bxe5 d4 23. Bc4+ Kh8 24. Rad1 Rad8 25. Kg3 Bf5 26. Bd3 Be6 27.
Rde1 Bb3 28. Rc1 b6 29. h4 Kg8 30. Kh3 Be6+ 31. g4 Rde8 32. Rhe1 Re7 33. h5
Rfe8 34. Kg3 Bd5 35. Kf2 h6 36. Kf1 Be6 37. f5 Bd5 38. Bf4 Rxe1+ 39. Rxe1 Rxe1+
40. Kxe1 Bxa3 41. Kd2 Bb4+ 42. Kc2 a3 43. Bc1 a2 44. Bb2 Bc5 45. Ba1 Kf7 46.
Kb2 Bb4 47. Kc2 Bc3 0-1